Gta V Characters - Statistics

General Stats
  • This quiz has been taken 220 times
  • The average score is 12 of 16
Answer Stats
Picture Answer % Correct
Franklin
98%
Michael
98%
Trevor
98%
Lamar
97%
Lester
97%
Jimmy
94%
Ron
90%
Amanda
81%
Simeon
78%
Tracey
76%
Martin
73%
Tonya
56%
Pavel
44%
El rubio
35%
Tom
25%
Agatha
21%
No matching quizzes found
Score Distribution
Percent of People with Each Score
Percentile by Number Answered
Your Score History
You have not taken this quiz